Mariposas en el cerebro : cuarenta aleteos sobre ciencia /

Na minha lista:
Detalhes bibliográficos
Autor principal: Plata Rosas, Luis Javier (autor)
Outros Autores: Cifuentes Lemus, Juan Luis (prólogo) (prólogo)
Formato: Livro
Idioma:espanhol
Publicado em: México : Paidós, 2006, c2006
Colecção:(Paidós Croma ; 36)
Assuntos:
Tags: Adicionar Tag
Sem tags, seja o primeiro a adicionar uma tag!

MARC

LEADER 00000nam^a2200000^a^4500
001 000186984
005 20250521000000.0
009 20260310102244.111
020 |a 968-853-607-5 
037 |a Acervo ITESO - Biblioteca 
041 |a ESP 
082 |a 500.  |b PLA 
100 |a Plata Rosas, Luis Javier  |e (autor) 
245 1 0 |a Mariposas en el cerebro :  |b cuarenta aleteos sobre ciencia /  |c L.J. Plata Rosas ; pról. de J.L. Cifuentes Lemus. 
264 4 |a México :  |b Paidós,  |c 2006, c2006 
300 |a 194 p. 
336 |a texto  |b txt  |2 rdacontenido 
337 |a sin mediación  |b n  |2 rdamedio 
338 |a volumen  |b nc  |2 rdasoporte 
440 1 |a (Paidós Croma ;  |v 36) 
649 |a XX 
650 |a Descubrimientos Científicos -  |x Difusión 
650 |a Ciencia-Ficción 
650 |a Ciencia -  |x Difusión 
650 |a Ciencia y Desarrollo 
650 |a Ciencia -  |x Generalidades -  |x Tema Principal 
700 |a Cifuentes Lemus, Juan Luis  |e (prólogo) 
910 |a Fondo General 
920 |a Impresos - Libros 
930 |a Colección General 
905 |a 101 
901 |a 0500129020  |b IT1  |c ACC  |u 20250521 
902 |a https://opac.biblio.iteso.mx/vufind/Record/000186984